| 000 | 01119nam a2200229Ia 4500 | ||
|---|---|---|---|
| 003 | Ost | ||
| 005 | 20260507075637.0 | ||
| 008 | 260507s9999||||xx |||||||||||||| ||und|| | ||
| 020 | _a9690337977 | ||
| 040 | _cfsecg | ||
| 041 | _aara | ||
| 082 | _a650.92 | ||
| 100 |
_aجروس، دانيال _eمؤلف |
||
| 245 | 0 |
_aهكذا ينبغي أن يكون رجل الأعمال / _c دانيال جروس |
|
| 260 |
_aالقاهرة: _bمركز الخبرات المهنية للإدارة, _c2001 |
||
| 300 |
_a233 صفحة؛ _bإيضاحات ؛ _c24 سم |
||
| 490 |
_aسلسلة اصدارت بميك _v24 |
||
| 520 | _aالمراقب المالي الأولي في الو.م.أ- آلة الحصاد ومكينة الزراعة- الشركة بمفهومها المعاصر- السيارة ضرورية وليست رفاهية- ديمقراطية امتلاك رؤوس الاموال - امبراطورية الترفيه عن الأسرة- صناعة الويبات السريعة | ||
| 653 | _aإدارة الأعمال | ||
| 700 |
_aتوفيق، عبد الرحمن _eمؤلف ثانوي |
||
| 942 | _cكتاب | ||
| 999 |
_c45311 _d45311 |
||